[Event "SVK-chT1E 2122"]
[Site "Slovakia"]
[Date "2022.04.24"]
[Round "9.2"]
[White "Cech, Dominik"]
[Black "Kratochvil, Karel"]
[Result "0-1"]
[WhiteElo "2066"]
[BlackElo "2113"]
[PlyCount "154"]
[EventDate "2022.01.29"]
[EventType "team-tourn"]
[EventRounds "11"]
[EventCountry "SVK"]
[SourceTitle "EXT 2023"]
[Source "ChessBase"]
[SourceDate "2022.10.05"]
[SourceVersion "1"]
[SourceVersionDate "2022.10.05"]
[SourceQuality "1"]
[WhiteTeam "Michalovce Zemplin"]
[BlackTeam "Presov Tatran Dason"]
[WhiteTeamCountry "SVK"]
[BlackTeamCountry "SVK"]

1. e4 e5 2. Nf3 Nf6 3. Nxe5 d6 4. Nf3 Nxe4 5. Nc3 Nxc3 6. dxc3 Be7 7. Bf4 Nc6 8. Qd2 Be6 9. Nd4 Nxd4 10. cxd4 d5 11. Bd3 Qd7 12. 0-0-0 Bf6 13. Rhe1 0-0 14. Kb1 c6 15. Bg5 Bxg5 16. Qxg5 Qd8 17. Qh5 g6 18. Qe5 Re8 19. Qf4 Kg7 20. Re5 Qf6 21. Qe3 Bd7 22. f4 Rxe5 23. dxe5 Qh4 24. h3 b6 25. g4 Re8 26. f5 c5 27. Rf1 Kg8 28. a3 c4 29. Be2 Qe7 30. e6 fxe6 31. f6 Qf7 32. Qe5 Rf8 33. h4 Qe8 34. Qg5 e5 35. h5 Kf7 36. Qh6 Ke6 37. g5 Qf7 38. hxg6 hxg6 39. Qh3+ Kd6 40. Qc3 a5 41. Rd1 Be6 42. Qxc4 d4 43. Qb5 Qc7 44. Bd3 Bd7 45. Qb3 Be6 46. c4 Rc8 47. Rc1 Qc5 48. Qd1 Bf7 49. Qc2 e4 50. Bxe4 Qxg5 51. Qf2 Qe3 52. Qh2+ Kd7 53. Qe5 Re8 54. Qb5+ Kd6 55. Qxb6+ Ke5 56. Qc7+ Kxf6 57. Rf1+ Kg5 58. Qc5+ Kh6 59. Rxf7 Qxe4+ 60. Ka2 d3 61. Qc7 Re5 62. Rh7+ Kg5 63. Qd8+ Kf5 64. Rh4 Qe2 65. Qd4 d2 66. Rf4+ Kg5 67. Rf2 Qxf2 68. Qxe5+ Kh4 69. Qe4+ Kh3 70. Qd3+ Kh2 71. c5 Qe1 72. Qd6+ Kh3 73. Qd3+ Kh4 74. Qd8+ g5 75. Qh8+ Kg3 76. Qb8+ Kg2 77. Qb7+ Kg1 0-1

[Event "SVK-chT2D 2122"]
[Site "Slovakia"]
[Date "2022.03.06"]
[Round "7.2"]
[White "Stockova, Zuzana"]
[Black "Kratochvil, Karel"]
[Result "1/2-1/2"]
[WhiteElo "2291"]
[BlackElo "2113"]
[PlyCount "59"]
[EventDate "2021.10.16"]
[EventType "team-tourn"]
[EventRounds "11"]
[EventCountry "SVK"]
[SourceTitle "EXT 2023"]
[Source "ChessBase"]
[SourceDate "2022.10.05"]
[SourceVersion "1"]
[SourceVersionDate "2022.10.05"]
[SourceQuality "1"]
[WhiteTeam "Kezmarok"]
[BlackTeam "Margecany"]
[WhiteTeamCountry "SVK"]
[BlackTeamCountry "SVK"]

1. d4 Nf6 2. c4 c5 3. d5 b5 4. cxb5 a6 5. f3 g6 6. e4 d6 7. Nc3 Bg7 8. a4 0-0 9. Ra3 Nbd7 10. Nge2 Ne5 11. Ng3 axb5 12. Bxb5 Ba6 13. 0-0 Nc4 14. Bxa6 Rxa6 15. Qe2 Nxa3 16. Qxa6 Nc2 17. Bd2 Nd7 18. Qb7 Ne5 19. Nb5 Nd3 20. Bc3 Bh6 21. Na7 Be3+ 22. Kh1 Qa8 23. Qxe7 Ne5 24. Nc6 Qxa4 25. Qf6 Re8 26. h4 Nd4 27. Nd8 Rf8 28. Nc6 Re8 29. Nd8 Rf8 30. Nc6 1/2-1/2

[Event "Pardubice Czech op-B 32nd"]
[Site "Pardubice"]
[Date "2021.07.31"]
[Round "9"]
[White "Krupenko, Peter"]
[Black "Kratochvil, Karel"]
[Result "0-1"]
[WhiteElo "1917"]
[BlackElo "2131"]
[PlyCount "124"]
[EventDate "2021.07.24"]
[EventType "swiss"]
[EventRounds "9"]
[EventCountry "CZE"]
[SourceTitle "EXT 2022"]
[Source "ChessBase"]
[SourceDate "2021.10.06"]
[SourceVersion "1"]
[SourceVersionDate "2021.10.06"]
[SourceQuality "1"]

1. c4 f5 2. Nc3 Nf6 3. Nf3 g6 4. d4 Bg7 5. g3 0-0 6. Bg2 d6 7. 0-0 e6 8. b3 Nbd7 9. Bb2 Ne4 10. Rc1 Ndf6 11. Nd2 d5 12. Nf3 Nxc3 13. Bxc3 Ne4 14. Bb4 Re8 15. Ne5 a5 16. Ba3 c6 17. e3 a4 18. Bb2 axb3 19. axb3 Ra2 20. Qc2 Bxe5 21. dxe5 dxc4 22. Bxe4 fxe4 23. bxc4 Qb6 24. Bd4 Qa5 25. Qc3 c5 26. Qxa5 Rxa5 27. Ra1 Rxa1 28. Bxa1 Rd8 29. Rb1 Kf7 30. Bc3 Rd3 31. Ba5 Ke8 32. Bb6 Rc3 33. Bxc5 Rxc4 34. Bd6 Kd7 35. Rb6 Rc6 36. Rxc6 Kxc6 37. Kf1 Kb5 38. Ke2 Kc4 39. Kd2 Bd7 40. Kc2 Ba4+ 41. Kb2 Kd3 42. Be7 Ke2 43. Bg5 Kxf2 44. Bf4 Kg2 45. h4 Kh3 46. g4 Kxg4 47. Bg5 Kh5 48. Kc3 h6 49. Be7 g5 50. hxg5 hxg5 51. Kd2 g4 52. Ke2 g3 53. Kf1 Kg4 54. Kg2 Bd1 55. Bb4 b5 56. Ba5 Bf3+ 57. Kg1 Kf5 58. Kf1 g2+ 59. Kf2 Kxe5 60. Bc7+ Kd5 61. Bh2 Kc4 62. Ke1 Kc3 0-1

[Event "Pardubice Czech op-B 32nd"]
[Site "Pardubice"]
[Date "2021.07.29"]
[Round "7"]
[White "Kratochvil, Karel"]
[Black "Gressmann, Hanna"]
[Result "0-1"]
[WhiteElo "2131"]
[BlackElo "1854"]
[PlyCount "72"]
[EventDate "2021.07.24"]
[EventType "swiss"]
[EventRounds "9"]
[EventCountry "CZE"]
[SourceTitle "EXT 2022"]
[Source "ChessBase"]
[SourceDate "2021.10.06"]
[SourceVersion "1"]
[SourceVersionDate "2021.10.06"]
[SourceQuality "1"]

1. d4 d5 2. c4 c6 3. Nc3 Nf6 4. Bg5 e6 5. e3 h6 6. Bh4 Be7 7. Nf3 Nbd7 8. Qc2 0-0 9. 0-0-0 Re8 10. Rg1 dxc4 11. Bxc4 b5 12. Bd3 Qa5 13. Kb1 Bb7 14. Ne5 Nxe5 15. dxe5 Ng4 16. Bg3 b4 17. Qa4 Qc7 18. Ne2 Nxe5 19. Be4 Bd6 20. Nd4 Red8 21. Rc1 c5 22. Bxb7 Qxb7 23. Nb3 c4 24. Na5 Qa6 25. Bxe5 Bxe5 26. Rxc4 Rd5 27. Qc6 Qxc6 28. Nxc6 Bd6 29. Rgc1 a5 30. g3 Kf8 31. h4 Rd2 32. R4c2 Rxc2 33. Kxc2 Ke8 34. Kd3 Kd7 35. Rc4 e5 36. Kc2 Ra6 0-1

[Event "CZE-ch Betsys Online Blitz"]
[Site "Chess.com INT"]
[Date "2021.04.17"]
[Round "13"]
[White "Frank, Adam"]
[Black "Kratochvil, Karel"]
[Result "1-0"]
[WhiteElo "2238"]
[BlackElo "2131"]
[PlyCount "111"]
[EventDate "2021.04.17"]
[EventType "swiss (blitz)"]
[EventRounds "13"]
[EventCountry "CZE"]
[SourceTitle "CBM 201 Extra"]
[Source "ChessBase"]
[SourceDate "2021.05.31"]
[SourceVersion "1"]
[SourceVersionDate "2021.05.31"]
[SourceQuality "1"]

1. e4 e5 2. Nf3 Nf6 3. Nxe5 d6 4. Nf3 Nxe4 5. d4 d5 6. Bd3 Be7 7. 0-0 Nc6 8. Re1 Bg4 9. c3 f5 10. Bf4 0-0 11. Nbd2 Kh8 12. h3 Bh5 13. Qb3 Bd6 14. Ne5 Nxe5 15. dxe5 Bc5 16. Bxe4 fxe4 17. Bg3 c6 18. Nf1 Bb6 19. Ne3 Qg5 20. Kh2 Bf7 21. Qc2 Be6 22. Rad1 h5 23. h4 Qh6 24. b4 Rf7 25. a4 Raf8 26. a5 Bd8 27. c4 dxc4 28. Nxc4 Bd5 29. Nd6 Qe6 30. Nxf7+ Rxf7 31. Rxe4 Be7 32. Rf4 Rxf4 33. Bxf4 Qg4 34. Bg3 Bxh4 35. Re1 Bxg3+ 36. fxg3 h4 37. Qf2 hxg3+ 38. Qxg3 Qh5+ 39. Qh3 Qxh3+ 40. Kxh3 Kg8 41. g4 Kf7 42. Kg3 Ke6 43. Kf4 b6 44. axb6 axb6 45. Ra1 c5 46. Ra6 c4 47. Rxb6+ Ke7 48. Rg6 Kf7 49. Ra6 c3 50. Ra3 g5+ 51. Kxg5 c2 52. Rc3 Be4 53. Kf4 Bg6 54. b5 Ke6 55. b6 Bd3 56. b7 1-0

[Event "CZE-ch Betsys Online Blitz"]
[Site "Chess.com INT"]
[Date "2021.04.17"]
[Round "7"]
[White "Nytra, Ondrej"]
[Black "Kratochvil, Karel"]
[Result "1-0"]
[WhiteElo "2055"]
[BlackElo "2131"]
[PlyCount "143"]
[EventDate "2021.04.17"]
[EventType "swiss (blitz)"]
[EventRounds "13"]
[EventCountry "CZE"]
[SourceTitle "CBM 201 Extra"]
[Source "ChessBase"]
[SourceDate "2021.05.31"]
[SourceVersion "1"]
[SourceVersionDate "2021.05.31"]
[SourceQuality "1"]

1. e4 e5 2. Nf3 Nf6 3. Nc3 Nc6 4. Bb5 Bb4 5. 0-0 0-0 6. Re1 d6 7. d3 Qe7 8. Bg5 Bxc3 9. bxc3 Nd8 10. d4 Ne6 11. Bh4 Nf4 12. g3 Ng6 13. Bf1 Bg4 14. Bxf6 Qxf6 15. Bg2 c5 16. d5 b5 17. Rb1 Rab8 18. h3 Bxf3 19. Bxf3 Ne7 20. Qe2 a6 21. Bg4 g6 22. a4 c4 23. axb5 axb5 24. Bd7 Qg5 25. Bxb5 f5 26. Bxc4 fxe4 27. Qxe4 Rxb1 28. Rxb1 Qd2 29. Qe3 Qxc2 30. Rb7 Nf5 31. Qg5 Qxc3 32. Bf1 Qd4 33. Bg2 e4 34. Qf4 Qxd5 35. Bxe4 Qe5 36. Bxf5 Qxf4 37. Be6+ Qf7 38. Bxf7+ Rxf7 39. Rxf7 Kxf7 40. Kf1 Ke6 41. Ke2 Ke5 42. Ke3 d5 43. f4+ Kf5 44. Kd4 Ke6 45. g4 h5 46. Kc5 h4 47. Kd4 Kd6 48. f5 g5 49. f6 Ke6 50. f7 Kxf7 51. Kxd5 Kf6 52. Kd6 Kf7 53. Ke5 Kg6 54. Ke6 Kg7 55. Kf5 Kh6 56. Kf6 Kh7 57. Kxg5 Kg7 58. Kxh4 Kh6 59. Kg3 Kg6 60. Kf4 Kh6 61. h4 Kg6 62. Ke5 Kh6 63. Ke6 Kg6 64. Ke7 Kh6 65. Kf7 Kh7 66. g5 Kh8 67. h5 Kh7 68. g6+ Kh8 69. g7+ Kh7 70. g8Q+ Kh6 71. Kf6 Kxh5 72. Qg5# 1-0

[Event "SVK-ch rapid"]
[Site "Topolcany"]
[Date "2020.07.11"]
[Round "5"]
[White "Chlpik, Martin"]
[Black "Kratochvil, Karel"]
[Result "0-1"]
[WhiteElo "2066"]
[BlackElo "2202"]
[PlyCount "58"]
[EventDate "2020.07.11"]
[EventType "swiss (rapid)"]
[EventRounds "9"]
[EventCountry "SVK"]
[SourceTitle "CBM 197 Extra"]
[Source "ChessBase"]
[SourceDate "2020.09.30"]
[SourceVersion "1"]
[SourceVersionDate "2020.09.30"]
[SourceQuality "1"]

1. d4 Nf6 2. Bf4 b6 3. e3 Bb7 4. Nf3 e6 5. Nbd2 Be7 6. h3 0-0 7. Bd3 d5 8. 0-0 c5 9. c3 Nc6 10. Qe2 h6 11. Rad1 a5 12. e4 cxd4 13. cxd4 Nb4 14. e5 Nh5 15. Be3 Nxd3 16. Qxd3 Ba6 17. Qb1 Bxf1 18. Nxf1 f5 19. N3h2 f4 20. Bc1 Qe8 21. Qd3 g5 22. Qf3 Qg6 23. Qg4 Ng7 24. Nd2 Nf5 25. Nb1 Rac8 26. Nc3 Rc4 27. Ne2 Kh7 28. Qf3 Nh4 29. Qb3 Qe4 0-1

[Event "SVK-ch rapid"]
[Site "Topolcany"]
[Date "2020.07.11"]
[Round "1"]
[White "Holly, Andrej"]
[Black "Kratochvil, Karel"]
[Result "0-1"]
[WhiteElo "1702"]
[BlackElo "2202"]
[PlyCount "72"]
[EventDate "2020.07.11"]
[EventType "swiss (rapid)"]
[EventRounds "9"]
[EventCountry "SVK"]
[SourceTitle "CBM 197 Extra"]
[Source "ChessBase"]
[SourceDate "2020.09.30"]
[SourceVersion "1"]
[SourceVersionDate "2020.09.30"]
[SourceQuality "1"]

1. e4 c5 2. Be2 Nc6 3. f4 e6 4. Nf3 d5 5. d3 dxe4 6. dxe4 Qxd1+ 7. Bxd1 b6 8. Na3 Bb7 9. Nc4 0-0-0 10. e5 Nd4 11. Nxd4 Rxd4 12. Be2 Bxg2 13. Rg1 Bb7 14. Be3 Rd8 15. a4 Nh6 16. c3 Nf5 17. Bf2 g6 18. Ne3 Nxe3 19. Bxe3 Bc6 20. Kf2 Kc7 21. Bf3 Be7 22. Bxc6 Kxc6 23. Ke2 Rd7 24. Rad1 Rhd8 25. Rxd7 Rxd7 26. Rg3 h5 27. Rg1 c4 28. Ra1 Bc5 29. Bxc5 Kxc5 30. a5 b5 31. Rf1 a6 32. Rc1 Rd3 33. Rf1 Kd5 34. Rb1 Ke4 35. Rf1 Re3+ 36. Kd2 Rf3 0-1

[Event "SVK-ch rapid"]
[Site "Topolcany"]
[Date "2020.07.11"]
[Round "6"]
[White "Kratochvil, Karel"]
[Black "Suder, Jakub"]
[Result "1/2-1/2"]
[WhiteElo "2202"]
[BlackElo "1900"]
[PlyCount "97"]
[EventDate "2020.07.11"]
[EventType "swiss (rapid)"]
[EventRounds "9"]
[EventCountry "SVK"]
[SourceTitle "CBM 197 Extra"]
[Source "ChessBase"]
[SourceDate "2020.09.30"]
[SourceVersion "1"]
[SourceVersionDate "2020.09.30"]
[SourceQuality "1"]

1. d4 d5 2. c4 e6 3. Nc3 a6 4. Nf3 Nf6 5. Bg5 dxc4 6. a4 Nc6 7. e3 Na5 8. Ne5 Bb4 9. Nxc4 Qd5 10. Bxf6 Nxc4 11. Qb3 Nxe3 12. Qxb4 Nc2+ 13. Kd2 Nxb4 14. Nxd5 Nxd5 15. Bxg7 Rg8 16. Be5 Bd7 17. Bd3 f5 18. Rhg1 Kf7 19. g4 c6 20. Rg3 Nf6 21. gxf5 exf5 22. Rf3 Rg5 23. Re1 Re8 24. h4 Rh5 25. Rg1 Rg8 26. Rxg8 Nxg8 27. Rg3 Nf6 28. Bc4+ Be6 29. Bxe6+ Kxe6 30. Rg7 b5 31. Rc7 Ne4+ 32. Ke3 c5 33. Rc6+ Kd5 34. Rxa6 cxd4+ 35. Bxd4 f4+ 36. Kd3 Rxh4 37. Ba7 Rh3+ 38. Ke2 Rb3 39. axb5 f3+ 40. Kd1 Rxb5 41. Ra3 Rb7 42. b4 Kc4 43. Bc5 Rd7+ 44. Kc1 Nc3 45. Kc2 Ne4 46. Rxf3 Rd2+ 47. Kc1 Re2 48. Re3 Rxe3 49. fxe3 1/2-1/2

[Event "SVK-ch rapid"]
[Site "Topolcany"]
[Date "2020.07.11"]
[Round "2"]
[White "Kratochvil, Karel"]
[Black "Trangos, Miroslav"]
[Result "0-1"]
[WhiteElo "2202"]
[BlackElo "1938"]
[PlyCount "94"]
[EventDate "2020.07.11"]
[EventType "swiss (rapid)"]
[EventRounds "9"]
[EventCountry "SVK"]
[SourceTitle "CBM 197 Extra"]
[Source "ChessBase"]
[SourceDate "2020.09.30"]
[SourceVersion "1"]
[SourceVersionDate "2020.09.30"]
[SourceQuality "1"]

1. d4 e6 2. c4 d5 3. Nc3 Nf6 4. Bg5 c6 5. Nf3 Nbd7 6. e3 Qa5 7. Nd2 Ne4 8. Ndxe4 dxe4 9. Bf4 e5 10. dxe5 Bb4 11. Qc2 0-0 12. Be2 Bxc3+ 13. bxc3 Nc5 14. 0-0 Be6 15. Rfd1 h6 16. Rd6 Qa4 17. Rc1 Rad8 18. Bg3 Qa5 19. Rcd1 Rxd6 20. exd6 f5 21. f3 exf3 22. gxf3 Nd7 23. Rd4 Qd8 24. Qa4 Qb6 25. Qb3 Rd8 26. Qxb6 axb6 27. Rd2 Kf7 28. e4 g5 29. Bd3 f4 30. Bf2 Ne5 31. Be2 Bxc4 32. Bxc4+ Nxc4 33. Rd4 Ne5 34. Kg2 Ke6 35. Ra4 Rxd6 36. Bxb6 Rd2+ 37. Kf1 Nxf3 38. Bf2 Nxh2+ 39. Ke1 Nf3+ 40. Kf1 g4 41. Ra8 g3 42. Bxg3 fxg3 43. Rg8 g2+ 44. Rxg2 Rxg2 45. Kxg2 Nd2 46. Kg3 Nxe4+ 47. Kf4 Nxc3 0-1

[Event "SVK-chT2D 1920"]
[Site "Slovakia"]
[Date "2019.10.27"]
[Round "2.2"]
[White "Kratochvil, Karel"]
[Black "Presalovic, Marcel"]
[Result "1-0"]
[WhiteElo "2156"]
[BlackElo "2061"]
[PlyCount "77"]
[EventDate "2019.10.26"]
[EventType "team-tourn"]
[EventRounds "11"]
[EventCountry "SVK"]
[SourceTitle "CBM 193 Extra"]
[Source "ChessBase"]
[SourceDate "2020.01.31"]
[SourceVersion "1"]
[SourceVersionDate "2020.01.31"]
[SourceQuality "1"]
[WhiteTeam "Margecany"]
[BlackTeam "Stropkov/Svidnik"]
[WhiteTeamCountry "SVK"]
[BlackTeamCountry "SVK"]

1. d4 Nf6 2. c4 g6 3. Nc3 Bg7 4. e4 d6 5. Nf3 0-0 6. h3 e5 7. dxe5 dxe5 8. Qxd8 Rxd8 9. Nd5 Nxd5 10. cxd5 c6 11. Bc4 cxd5 12. Bxd5 Nc6 13. Bg5 Re8 14. 0-0-0 Be6 15. Bxe6 Rxe6 16. Rd7 Rb8 17. Rhd1 f6 18. Be3 Bf8 19. Nd2 Re7 20. Nb1 Kf7 21. Nc3 Ke8 22. R7d6 Rf7 23. Nb5 Bxd6 24. Nxd6+ Kf8 25. Nxf7 Kxf7 26. Rd7+ Ke6 27. Rxh7 b6 28. h4 Rc8 29. Kb1 Rd8 30. Rc7 Kd6 31. Rb7 Rh8 32. g3 f5 33. Rg7 fxe4 34. Rxg6+ Kd5 35. Rg7 b5 36. Rd7+ Kc4 37. b3+ Kb4 38. Rc7 Nd4 39. Bd2+ 1-0

[Event "Pardubice Czech op-E 30th"]
[Site "Pardubice"]
[Date "2019.07.11"]
[Round "1.3"]
[White "Halla, Jiri"]
[Black "Kratochvil, Karel"]
[Result "0-1"]
[WhiteElo "1786"]
[BlackElo "2147"]
[PlyCount "96"]
[EventDate "2019.07.11"]
[EventType "team-swiss"]
[EventRounds "7"]
[EventCountry "CZE"]
[SourceTitle "EXT 2020"]
[Source "ChessBase"]
[SourceDate "2019.10.17"]
[SourceVersion "1"]
[SourceVersionDate "2019.10.17"]
[SourceQuality "1"]
[WhiteTeam "Roztoky Caissa"]
[BlackTeam "Utek z Vezeni"]
[WhiteTeamCountry "CZE"]
[BlackTeamCountry "CZE"]

1. b3 d5 2. Bb2 c5 3. e3 Nc6 4. Bb5 Nf6 5. f4 Qb6 6. Bxc6+ Qxc6 7. Nf3 Bf5 8. 0-0 e6 9. d3 0-0-0 10. Qe2 h6 11. Nbd2 Rg8 12. Ne5 Qc7 13. e4 Bh7 14. Rad1 Ne8 15. f5 exf5 16. exf5 Bd6 17. Rde1 f6 18. Ng6 Bxh2+ 19. Kh1 Bd6 20. Ne7+ Bxe7 21. Qxe7 Qxe7 22. Rxe7 Rd7 23. Re6 h5 24. d4 Nd6 25. dxc5 Nxf5 26. Rfe1 Ng3+ 27. Kh2 Ne4 28. Nxe4 dxe4 29. Re2 Kc7 30. Ba3 Rgd8 31. Rd6 b6 32. Kg3 bxc5 33. Rxd7+ Rxd7 34. Bxc5 Kc6 35. Be3 a6 36. Rd2 Rxd2 37. Bxd2 Kd5 38. Be3 g5 39. c4+ Ke5 40. Ba7 f5 41. c5 f4+ 42. Kf2 Kd5 43. b4 e3+ 44. Ke2 h4 45. a4 Bc2 46. b5 Bxa4 47. bxa6 Bb5+ 48. Ke1 h3 0-1

[Event "Teplice op 14th"]
[Site "Teplice"]
[Date "2019.06.23"]
[Round "9"]
[White "Kratochvil, Karel"]
[Black "Paszewski, Mateusz"]
[Result "0-1"]
[WhiteElo "2143"]
[BlackElo "2346"]
[PlyCount "126"]
[EventDate "2019.06.15"]
[EventType "swiss"]
[EventRounds "9"]
[EventCountry "CZE"]
[SourceTitle "CBM 191 Extra"]
[Source "ChessBase"]
[SourceDate "2019.09.30"]
[SourceVersion "1"]
[SourceVersionDate "2019.09.30"]
[SourceQuality "1"]

1. e4 c6 2. d4 d5 3. exd5 cxd5 4. Bd3 Nc6 5. c3 Qc7 6. Nf3 Bg4 7. 0-0 e6 8. Re1 Bd6 9. h3 Bh5 10. Nbd2 Nge7 11. Nf1 h6 12. b3 0-0 13. Bb2 Rfd8 14. Ne3 Rac8 15. Ng4 Bg6 16. Nge5 Bxd3 17. Qxd3 a6 18. Re2 Qa5 19. g3 Na7 20. a4 Qb6 21. b4 Nac6 22. Nxc6 Qxc6 23. Nd2 Rc7 24. Nb3 Nc8 25. Nc5 Nb6 26. b5 axb5 27. axb5 Qe8 28. Ra7 Rb8 29. Ba3 Nc4 30. b6 Rc6 31. Bb4 Rxb6 32. Rea2 g6 33. Na4 Rc6 34. Bxd6 Rxd6 35. Nc5 Rb6 36. Na4 Ra6 37. Nc5 Rxa2 38. Rxa2 b6 39. Ne4 Kg7 40. Ra7 Ra8 41. Rxa8 Qxa8 42. Nd2 Qa1+ 43. Nf1 Qe1 44. Qc2 Nd6 45. Qd2 Qxd2 46. Nxd2 Kf6 47. f3 Nb5 48. Nb1 e5 49. dxe5+ Kxe5 50. Kf2 d4 51. c4 Nc3 52. Nd2 Nd1+ 53. Ke2 Nb2 54. f4+ Kd6 55. Nb3 Nxc4 56. Nxd4 Kc5 57. Nf3 b5 58. Kd3 Kd5 59. Ne1 b4 60. Nc2 b3 61. Nb4+ Kc5 62. Kc3 b2 63. Nd3+ Kd5 0-1